| 000 | 02458cam a22002533a 4500 | ||
|---|---|---|---|
| 001 | 12351 | ||
| 003 | PGUSA | ||
| 005 | 20140828083248.0 | ||
| 008 | 040501s2004||||xxu|||||s|||||000 p eng d | ||
| 040 |
_aPGUSA _beng |
||
| 042 | _adc | ||
| 050 | 4 | _aPT | |
| 245 | 1 | 4 |
_aThe German Classics of the Nineteenth and Twentieth Centuries, Volume 07 : _bMasterpieces of German Literature Translated into English. in Twenty Volumes _h[electronic resource] |
| 260 |
_bProject Gutenberg, _c2004 |
||
| 505 | 0 | _aThe Life of Georg Wilhelm Friedrich Hegel. By J. Loewenberg. -- Hegel: Introduction to the Philosophy of History. -- The Philosophy of Law. -- Introduction to the Philosophy of Art. -- The Life of Bettina von Arnim. By Henry Wood. -- von Arnim: Goethe's Correspondence with a Child. -- Immermann and His Drama Merlin. By Martin Schütze. -- Immermann's Münchhausen. By Allen Wilson Porterfield. -- Immermann: The Oberhof. -- Gutzkow and Young Germany. By Starr Willard Cutting. -- Gutzkow: Sword and Queue. -- German Lyric Poetry from 1830 to 1848. By John S. Nollen. -- Grün: A Salon Scene. -- Lenau: Prayer. -- Sedge Songs. -- Songs by the Lake. -- The Postilion. -- To the Beloved from Afar. -- The Three Gipsies. -- My Heart. -- Mörike: An Error Chanced. -- A Song for Two in the Night. -- Early Away. -- The Forsaken Maiden. -- Weyla's Song. -- Seclusion. -- The Soldier's Betrothed. -- The Old Weathercock: An Idyll. -- Think of It, My Soul. -- Erinna to Sappho. -- Mozart's Journey from Vienna to Prague. -- von Droste-Hülshoff: Pentecost. -- The House in the Heath. -- The Boy on the Moor. -- On the Tower. -- The Desolate House. -- The Jew's Beech-Tree. -- Freiligrath: The Duration of Love. -- The Emigrants. -- The Lion's Ride. -- The Spectre-Caravan. -- Had I at Mecca's Gate been Nourished. -- Wild Flowers. -- The Dead to the Living. -- Hurrah, Germania! -- The Trumpet of Gravelotte. -- von Strachwitz: Douglas of the Bleeding Heart. -- Herwegh: The Stirrup-Cup. -- Geibel: The Watchman's Song. -- The Call of the Road. -- Autumn Days. -- The Death of Tiberius. | |
| 506 | _aPublic domain in the USA. | ||
| 516 | _aElectronic text | ||
| 653 | _aGerman literature -- 20th century -- Translations into English | ||
| 653 | _aGerman literature -- 19th century -- Translations into English | ||
| 700 | 1 |
_aFrancke, Kuno, _d1855-1930 |
|
| 830 | 0 |
_aProject Gutenberg _v12351 |
|
| 856 | 4 | 0 | _uhttp://www.gutenberg.org/ebooks/12351 |
| 942 | _cEB | ||
| 999 |
_c241606 _d241606 |
||